Detalles MARC
| 000 -CABECERA |
| Longitud fija campo de control |
01010nam a2200205 i 4500 |
| 003 - • IDENTIFICADOR DELl NÚMERO DE CONTROL |
| Identificador del número de control |
CO-ViMGA |
| 005 - • FECHA Y HORA DE LA ÚLTIMA TRANSACCIÓN |
| Fecha y hora de la última transacción |
20230915224422.0 |
| 008 - • CÓDIGOS DE INFORMACIÓN DE LONGITUD FIJA |
| Códigos de información de longitud fija |
201103s2019 ck ||||| l|||f00| 0 spa d |
| 040 ## - FUENTE DE LA CATALOGACIÓN |
| Centro catalogador de origen |
CO-ViMGA |
| Lengua de catalogación |
spa |
| Centro transcriptor |
CO-ViMGA |
| 043 ## - CÓDIGO DE ÁREA GEOGRÁFICA |
| Código de área geográfica |
s-ck--- |
| 082 04 - • NÚMERO DE LA CLASIFICACIÓN DECIMAL DEWEY |
| Número de clasificación (R) |
348.024 |
| Número del ítem |
C64n |
| Número de edición |
22 |
| 110 12 - • PUNTO DE ACCESO PRINCIPAL-NOMBRE DE ENTIDAD CORPORATIVA |
| Nombre de entidad corporativa o nombre de jurisdicción como elemento inicial |
Colombia |
| Unidad subordinada |
Jurisdiccion Especial para la Paz |
| 245 10 - • TITULO PROPIAMENTE DICHO |
| Título |
Normas basicas de la JEP |
| Resto del título |
los actos legislativos, las leyes y los decretos ley mas importantes sobre la Jurisdiccion Especial para la Paz |
| Mención de responsabilidad, etc. |
Jurisdiccion Especial para la Paz |
| 300 ## - • DESCRIPCIÓN FÍSICA |
| Extensión |
414 paginas |
| Otras características físicas |
24 cm |
| 505 00 - • NOTA DE CONTENIDO CON FORMATO |
| Título (R ) |
Actos legislativos 01 y 02 de 2017 |
| -- |
Ley 1957. Estatutaria de la administracion de justicia |
| -- |
Ley 1820 .Amnistia e indulto |
| -- |
Ley 1922 .Normas de procedimiento |
| -- |
Decretos Ley 277, 706 ,775, 900, 903 de 2017 |
| 610 11 - • PUNTO DE ACCESO ADICIONAL DE MATERIA - NOMBRE DE ENTIDAD CORPORATIVA |
| Nombre de entidad corporativa o nombre de jurisdicción como elemento inicial |
Colombia |
| Unidad subordinada |
Jurisdiccion Especial para la Paz |
| Subdivisió,n de materia general |
Legislacion |
| 650 17 - • PUNTO DE ACCESO ADICIONAL DE MATERIA - TÉRMINO DE MATERIA |
| Fuente del encabezamiento o término |
LEMB |
| Término de materia o nombre geográfico como elemento inicial |
Acuerdos de paz |
| Subdivisión de materia general |
Legislacion |
| Subdivisión geográfica |
Colombia |
| 650 17 - • PUNTO DE ACCESO ADICIONAL DE MATERIA - TÉRMINO DE MATERIA |
| Fuente del encabezamiento o término |
LEMB |
| Término de materia o nombre geográfico como elemento inicial |
Procesos de paz |
| Subdivisión de materia general |
Legislacion |
| Subdivisión geográfica |
Colombia |
| 942 ## - ENTRADA DE ELEMENTOS AGREGADOS (KOHA) |
| Fuente de clasificaión o esquema |
Dewey Decimal Classification |
| Koha [por defecto] tipo de item |
LIbro |